000 00949cam a22002411 4500
001 e 33000750
003 DLC
005 20260227111223.0
008 820129s1933 nyu b 000 0 eng c
010 _ae 33000750
035 _a(OCoLC)8107295
040 _aLibrary, U.S. Office of Education
_cVi
_dVi
_dDLC
042 _apremarc
050 0 0 _aZ7911
_b.F33
100 1 _aFenninger, William Norman,
_d1889-
245 1 0 _aSelected bibliography in technical subjects,
_cby W.N. Fenninger ...
260 _aAlbany,
_bUniversity of the State of New York Press,
_c1933.
300 _a23 p.
_c23 cm.
500 _aAt head of title: The University of the State of New York. The State Education Department.
500 _a"Prepared to assist teachers who are teaching the topics covered in 'Syllabus in technical subjects' printed in 1931."--Foreword.
650 0 _aTechnical education
_vBibliography.
710 2 _aUniversity of the State of New York.
999 _c21314
_d21314